[Event "23 Week End"]
[Site "?"]
[Date "2022.11.26"]
[Round "3"]
[White "Rinaudo, Andrea"]
[Black "Damia, Angelo"]
[Result "0-1"]
[WhiteElo "1964"]
[BlackElo "2192"]
[PlyCount "96"]
[EventDate "2022.??.??"]
[SourceDate "2022.12.03"]

1. c4 Nf6 2. Nc3 e6 3. g3 d5 4. Bg2 c6 5. cxd5 exd5 6. d4 Bb4 7. Bd2 O-O 8. Nf3
Bf5 9. O-O Qc8 10. Re1 Nbd7 11. Qb3 Bd6 12. Rac1 Ne4 13. Nxe4 Bxe4 14. Bb4 Bxb4
15. Qxb4 Qc7 16. Rc3 Qb6 17. Rb3 Bc2 18. Qxb6 axb6 19. Rc3 Be4 20. a3 Ra4 21.
e3 b5 22. Nd2 Bxg2 23. Kxg2 Rfa8 24. Rb3 Nb6 25. Kf3 Re8 26. Rc1 Nc8 27. Rcc3
Nd6 28. Rd3 Rc4 29. Rdc3 Rxc3 30. Rxc3 Nc4 31. Nxc4 bxc4 32. Ke2 Kf8 33. Kd2
Ke7 34. Rc1 Kd6 35. Kc3 Ra8 36. Re1 f5 37. Rg1 Re8 38. Rd1 g5 39. Kd2 h5 40.
Rg1 Ra8 41. h4 g4 42. Rc1 b6 43. Rc3 c5 44. Kc2 cxd4 45. exd4 Re8 46. Re3 Re4
47. Kc3 f4 48. gxf4 Rxe3+ 0-1